| 000 | 00998nam0a22002651 4500 | ||
|---|---|---|---|
| 001 | rc\3409142 | ||
| 005 | 20260406111446.0 | ||
| 035 | _a(NLR Aleph) 007550769 | ||
| 090 |
_a5198793 _c5198793 |
||
| 100 | _a20130115d1974 |||y0rusy50 ca | ||
| 101 | 0 | _arus | |
| 102 | _aRU | ||
| 105 | _ay z ||||| | ||
| 200 | 1 | _aРазвитие новых форм социальной интеграции в социалистическом обществе | |
| 210 |
_a[Москва _cБ. и. _d1974] |
||
| 215 |
_a26 с. _d29 |
||
| 300 | _aПеред загл. авт.: М.Н. Руткевич, чл.-кор. АН СССР. | ||
| 309 | _aБез тит. л. и обл. | ||
| 333 | _aДля служебного пользования. Экз. № 000007 | ||
| 700 | 1 |
_4730 _8rus _7ca _aРуткевич _bМ. Н. _f1917-2009 _gМихаил Николаевич _3RU\NLR\AUTH\77120371 _9103296 |
|
| 801 | 0 |
_aRU _bNLR _gpsbo |
|
| 801 | 1 |
_aRU _bELAR _2rusmarc |
|
| 852 |
_aNLR _j74-50К/2941 |
||
| 942 | _cBOOK | ||
| 980 | _aNB | ||